00790nam a22001695i 4500001000700000003000900007005001700016008004100033040002000074100003500094245014300129260007200272300002100344500003800365650001800403852019900421160728ES-MaACL20230906212121.0041008s1888 fr |||| | fre d aCAM bspa cCAM1 aNoguès, Alphonse-François.13aLa sismologie terrestre b: leçon d'ouverture du cours libre de sismologie de la Faculté des Sciences de Paris / cpar A.-F. Noguès. aParis : bAdministration des Deux Revues, c1888 (fMaison Quantin) a17 p. ; c23 cm. aExtrait de la Revue Scientifique. 4aSismología. aES-MaACLjT-1106-F-4 z-- Enc. hol. conservando la cub. original z-- Legado de Federico de Botella y de Hornos z-- Dedicatoria ms. del autor a Federico de Botella z-- Enc. en un vol. facticio